| 000 | 00323cam a22001097a 4500 | ||
|---|---|---|---|
| 008 | 180718b1996 xxu||||| |||| 00| 0 eng d | ||
| 100 | _aMahipal | ||
| 245 |
_aPanchayati raj atit, vertmanaur bhavisya _cby Mahipal,edited by Yash Chauhan |
||
| 260 |
_aDelhi _bSarans Prakashan _c1996 |
||
| 300 | _a111p. | ||
| 700 | _aChauhan, Yash | ||
| 999 |
_c501945 _d501945 |
||